Embedded security in cars : security current and future automotive IT applications
Αποθηκεύτηκε σε:
| Άλλοι συγγραφείς: | , , |
|---|---|
| Μορφή: | Βιβλίο |
| Γλώσσα: | English |
| Δημοσίευση: |
Berlin ; New York :
Springer,
c2006.
|
| Θέματα: | |
| Ετικέτες: |
Προσθήκη ετικέτας
Δεν υπάρχουν, Καταχωρήστε ετικέτα πρώτοι!
|
MARC
| LEADER | 00000cam a2200000 i 4500 | ||
|---|---|---|---|
| 001 | 1/62274 | ||
| 008 | 071107s2006 gw ||| | eng|| | ||
| 020 | |a 9783540283843 | ||
| 020 | |a 3540283846 | ||
| 035 | |l 10092160 | ||
| 040 | |a GR-MyUA |b gre |e AACR2 | ||
| 041 | 0 | |a eng | |
| 082 | 0 | |a 629.27 |2 (22) | |
| 245 | 1 | 0 | |a Embedded security in cars : |b security current and future automotive IT applications / |c Kerstin Lemke, Christof Paar, Marko Wolf (eds). |
| 260 | |a Berlin ; |a New York : |b Springer, |c c2006. | ||
| 300 | |a x, 273 σ. : |b εικ. ; |c 24 εκ. | ||
| 504 | |a Περιλαμβάνει βιβλιογραφικές αναφορές. | ||
| 650 | 0 | 0 | |a Automotive computers |x Access control. |
| 650 | 0 | 0 | |a Embedded computer systems |x Security measures. |
| 700 | 1 | |a Lemke, Kerstin, |e edt | |
| 700 | 1 | |a Paar, Christof |d 1963- |e edt | |
| 700 | 1 | |a Wolf, Marko, |e edt | |
| 852 | |a INST |b SAMOS |e 20071107 |h 629.27 EMB |p 005300027820 |q 005300027820 |t BK |y 0 | ||
| 901 | |a BIBL3-2007-3 | ||
| 909 | |a Σ |b 140005 | ||
| 922 | |a 3ΕΛΗ |b 200710 |c ΕΠΕΑΕΚ2/ΤΜΠΕΣ |d ΠΑΠΑΣΩΤΗΡΙΟΥ | ||
| 970 | |a ΓΟΥΒΑΛΑ |b ΒΑΣΩ |z 2007/11/07 | ||